000 01038nam a22002297a 4500
005 20110721103311.0
008 110721t xxu||||| |||| 00| 0 mar d
010 _aMAR-21103
020 _a9788172948610
_c700.00
035 _aMR-13761
037 _bDBAD/PUB
040 _aDPL
_bMR
082 _a332.32
100 _aभोपटकर, मो त्र्य
_929792
245 _aसहकारी गृहनिर्माण संस्था /
_cमो त्र्यं भोपटकर
246 _aSahakari Gruhanirman Santha
_bby Bhopatkar M T
260 _aपुणे
_bदिलीपराज प्रकाशन
_c2011
270 _a251क, शनिवार पेठ
_bपुणे
_e411030
300 _aदहा,643पृ
_c22सेमी(सजिल्द)
942 _2ddc
_cMR
_mभोपट
_h332.32
999 _c54142
_d54142